Metódy účtovania akvizícií a fúzií podnikov. Komparácia prístupov v českom a slovenskom účtovníctve a ich vplyv na finančnú situáciu projekt MVTS 019 2004-2005

Salvato in:
Dettagli Bibliografici
Autore principale: Hvoždarová, Jana
Enti autori: Ekonomická univerzita v Bratislave. Fakulta hospodárskej informatiky, Masarykova univerzita v Brně. Ekonomicko-správní fakulta
Altri autori: Hurtoňová, Martina, 1977-, Parišová, Renáta, 1977-, Sapara, Ján
Natura: Libro
Lingua:slovacco
Pubblicazione: Bratislava Ekonomická univerzita v Bratislave 2006
Soggetti:
Tags: Aggiungi Tag
Nessun Tag, puoi essere il primo ad aggiungerne!!

MARC

LEADER 00000nam$a2200000$$$4500
001 0046238
005 20240503084916.3
041 0 |a slo 
044 |a SK 
245 1 0 |a Metódy účtovania akvizícií a fúzií podnikov. Komparácia prístupov v českom a slovenskom účtovníctve a ich vplyv na finančnú situáciu  |b projekt MVTS 019 2004-2005  |c Jana Hvoždarová, Martina Hurtoňová, Renáta Parišová, Ján Sapara 
264 1 |a Bratislava  |b Ekonomická univerzita v Bratislave  |c 2006 
300 |a [23] s. 
610 2 0 |a účtovníctvo 
610 2 0 |a fúzie 
610 2 0 |a podnik 
610 2 0 |a financie podnikové 
610 2 0 |a Česko 
610 2 0 |a Slovensko 
100 1 |a Hvoždarová, Jana 
700 1 |a Hurtoňová, Martina, 1977- 
700 1 |a Parišová, Renáta, 1977- 
700 1 |a Sapara, Ján 
710 2 |a Ekonomická univerzita v Bratislave. Fakulta hospodárskej informatiky 
710 2 |a Masarykova univerzita v Brně. Ekonomicko-správní fakulta